• 首页
  • 本馆介绍
  • 公告通知
  • 最新文献
  • 馆藏检索
  • 电子资源
  • 读者导购
  • 参考咨询
  • 我的图书馆
  • 登录
  • 详细信息显示
  • 放入我的书架
  • 预约/预借图书
  • 作者相关作品
  • 分类相关作品
  • 丛书相关作品
  • 出版社相关作品

书目信息

  • 表格格式
  • 工作单格式
  • 卡片格式
书名: A dictionary of American slang
作者: Compiled and Edited by HAROLD BERG FLEXNER and STUART BERG FLEXNER.
分册号:
分册名:
出版地: New York :
 
出版社: Thomas Y. Crowell Company
出版时间: [c1934].
页数: 766 p. ;
开本: 21 cm.
丛书名:
中图分类号:
科图分类号:
其他分类号: H313.61
主题词:
电子资源:
000 00854cam 22002411 4500
001 E0735316036
005 20070302100217.14
008 750807s1934 nyu d 000 0 eng
010    @a 34036774
040    @aDLC@cFM@dOCoLC@dDLC
050 00 @aPE3729.A5@bW4
082 0  @a427.09
090    @aH313.61
099    @dH313.61@e35=2
100 1  @aWeseen, Maurice H.@q(Maurice Harley),@d1890-1941.
245 12 @aA dictionary of American slang / @cCompiled and Edited by HAROLD BERG FLEXNER and STUART BERG FLEXNER.
250    @a2nd ed.
260    @aNew York :@bThomas Y. Crowell Company,@c[c1934].
300    @a766 p. ;@c21 cm.
650  0 @aEnglish language@zUnited States@xSlang@xDictionaries.
650  0 @aAmericanisms@vDictionaries.
700    @aCompiled and Edited by HAROLD BERG FLEXNER and STUART BERG FLEXNER
920    @a232010@z2
    
    A dictionary of American slang / / Compiled and Edited by HAROLD BERG FLEXNER and STUART BERG FLEXNER.-2nd ed.-New York : : Thomas Y. Crowell Company, , [c1934].
    766 p. ; ; 21 cm.
    
    
    ISBN
    
●
相关链接 在E读中查询图书 在五车中查询图书 在当当中查询图书 在豆瓣中查询图书


正题名:dictionary of American slang     索取号:H313.61/35=2         预约/预借

序号 登录号 条形码 馆藏地/架位号 状态 备注
1 183552   001300498   第四借阅区/ [索取号:H313.61/35=2] 在馆    
唐山师范学院图书馆 欢迎您!
大连网信软件有限公司© 版权所有